Diseño del paso superior en estación 1+256.97 Carretera San José- Caldera
Kaydedildi:
| Yazar: | |
|---|---|
| Materyal Türü: | Bilinmiyor |
| Baskı/Yayın Bilgisi: |
[San José, Costa Rica]
1975
|
| Konular: | |
| Etiketler: |
Etiketle
Etiket eklenmemiş, İlk siz ekleyin!
|
MARC
| LEADER | 00000 a2200000 4500 | ||
|---|---|---|---|
| 003 | 011479 | ||
| 005 | 20221231143821.0 | ||
| 008 | 140114s9999 c a m 000 ||s d | ||
| 040 | |c cru CEDI | ||
| 090 | |a TFG 561 | ||
| 100 | |a Arce Villalobos, Oscar Antonio |9 16720 | ||
| 245 | |a Diseño del paso superior en estación 1+256.97 Carretera San José- Caldera | ||
| 260 | |c 1975 |a [San José, Costa Rica] | ||
| 300 | |a 41 hojas : ilustraciones, planos (plegables) | ||
| 500 | |a Tesis (Ingeniero Civil) Universidad de Costa Rica. | ||
| 650 | |x CONSTRUCCION DE CARRETERAS |x CARRETERA SAN JOSE-CALDERA |9 16721 | ||
| 942 | |c TFG | ||
| 999 | |c 12435 |d 12435 | ||
